Nezamestnanosť ako sociálny problém mladých ľudí bakalárska práca

Guardado en:
Detalles Bibliográficos
Autor principal: Kanisová, Otília
Autor Corporativo: Národohospodárska fakulta EU. Katedra sociálneho rozvoja a práce
Otros Autores: Sika, Peter, 1975-
Formato: Libro
Lenguaje:eslovaco
Publicado: Bratislava 2013
Etiquetas: Agregar Etiqueta
Sin Etiquetas, Sea el primero en etiquetar este registro!

MARC

LEADER 00000nbm a2200000 4500
001 0175430
005 20170314110934.1
041 0 |a slo 
044 |a SK 
245 1 0 |a Nezamestnanosť ako sociálny problém mladých ľudí  |b bakalárska práca  |c Otília Kanisová ; školiteľ: Peter Sika 
264 1 |a Bratislava  |c 2013 
300 |a 54 s. 
100 1 |a Kanisová, Otília 
700 1 |a Sika, Peter, 1975- 
710 2 |a Národohospodárska fakulta EU. Katedra sociálneho rozvoja a práce